Проф. д-р Димитър Павлов (Запис номер 81949)
[ съкратено ]
| 000 -Лидер | |
|---|---|
| Контролно поле с фиксирана дължина | 02044nam a2200397 c 4500 |
| 003 - Код на организацията, давaща контролен номер | |
| Контролно поле | BLK |
| 005 - Дата и час на последна редакция | |
| Контролно поле | 20180422104010.0 |
| 008 - Елементи от данни с фиксирана дължина | |
| fixed length control field | 180408b bul|||||r ||||||| ||bul|| |
| 010 ## - Наследен системен номер | |
| LC control number | KNG00086469000 |
| 020 ## - Международен стандартен номер на книга ISBN | |
| Международен стандартен номер на книга ISBN | 954-07-2336-1 |
| -- | издат.: Унив. изд. Св. Климент Охридски |
| 040 ## - Източник на каталожния запис | |
| Идентификатор на билиотеката - собственик на записа | BLK |
| 041 ## - Код за език | |
| Код за езика на текст/звукозапис или на отделно заглавие | Български |
| Код за езика КДБФ | Български |
| 080 ## - УДК | |
| Текстов определител УДК | Основи на възпитанието (материални, теоретични, философски и др.). Педагогика |
| УДК код - определител по УДК | 37.01 |
| УДК определител | (497.2)(092)(08) |
| УДК - код + определител | 37.01(497.2)(092)(08) |
| 080 ## - УДК | |
| Текстов определител УДК | Възпитание. Образование. Просвета. Организация на свободното време. Вж и 003;021. 3;159. 9;612;613;727 |
| УДК код - определител по УДК | 37 |
| УДК определител | (08) |
| УДК - код + определител | 37(08) |
| 080 ## - УДК | |
| Текстов определител УДК | Български педагог |
| УДК код - определител по УДК | 929 Павлов, Димитър Андреев |
| УДК определител | |
| УДК - код + определител | 929 Павлов, Димитър Андреев |
| 139 ## - Редно поле | |
| Редна дума | Проф. д-р Димитър Павлов |
| Авторски знак | Павло - П 13 |
| 245 10 - Сведения за заглавието | |
| Заглавие | Проф. д-р Димитър Павлов |
| Подзаглавни данни | Идеите остават живи : Сборник |
| Редно поле (дума) | състав. Любен Йоакимов Димитров; състав. Румяна Веселинова Пейчева-Форсайт. |
| 257 ## - Страна на издаване | |
| Страна на създаване/издаване | България |
| 260 ## - Област на издателските данни | |
| -- | София |
| Име на издателя, разпространителя и проч. | Унив. изд. Св. Климент Охридски |
| Година на издаване | 2006 |
| 300 ## - Физическа характеристика | |
| Страници | 387 с., 8 л. |
| Илюстрации и др. | ил. |
| Размери/Мащаб | 24 см |
| 380 ## - Жанр | |
| Жанр | Обществени науки |
| 600 14 - Име на лице, използвано като предмет | |
| За него / За нея | Павлов, Димитър Андреев |
| 9 (RLIN) | 367411 |
| 650 #4 - Допълнително описание по предмет – тема | |
| Основно описание – тема или топоним | Педагози, български |
| 9 (RLIN) | 248854 |
| 650 #4 - Допълнително описание по предмет – тема | |
| Основно описание – тема или топоним | Учени, български |
| 9 (RLIN) | 246174 |
| 650 #4 - Допълнително описание по предмет – тема | |
| Основно описание – тема или топоним | Образование и просвета |
| 9 (RLIN) | 252113 |
| 653 ## - Ключова дума – ненормативна | |
| Ключова дума | педагози |
| 653 ## - Ключова дума – ненормативна | |
| Ключова дума | учени |
| 653 ## - Ключова дума – ненормативна | |
| Ключова дума | Димитър Павлов |
| 700 1# - Други автори (авторска отговорност) | |
| Лично име | Димитров, Любен Йоакимов |
| Автороска отговорност (Описва отношението между автора и произведението) | състав. |
| 9 (RLIN) | 372524 |
| 700 1# - Други автори (авторска отговорност) | |
| Лично име | Пейчева-Форсайт, Румяна Веселинова |
| Автороска отговорност (Описва отношението между автора и произведението) | състав. |
| 9 (RLIN) | 300322 |
| 852 ## - Местоположение | |
| Форматна сигнатура | Цб 241899 |
| 856 4# - Електронен адрес и достъп | |
| Електронен формат | pdf - файл |
| Път до файла /url/ | |
| 856 4# - Електронен адрес и достъп | |
| Електронен формат | pdf - файл |
| Път до файла /url/ | |
| 942 ## - АРТИКУЛИ | |
| Вид на библиотечния материал | Книги |
| Скрит в OPAC | Не |
| 944 ## - СЪЗДАВАНЕ И РЕДАКЦИЯ на ЗАПИСА | |
| Създаване/Редакция | Създаване |
| Дата на регистрацията/редакция | 14.11.2008 |
| Служител, извършил регистрацията/редакцията | Геновева_Генчева |
| 944 ## - СЪЗДАВАНЕ И РЕДАКЦИЯ на ЗАПИСА | |
| Създаване/Редакция | Редакция |
| Дата на регистрацията/редакция | 12.02.2009 |
| Служител, извършил регистрацията/редакцията | |
| 999 ## - СИСТЕМНИ КОНТРОЛНИ НОМЕРА | |
| Koha biblionumber | 81949 |
| Koha biblioitemnumber | 81949 |
| Код за отписване | Код за изгубен артикул | Код за повреда | Коз за рестрикции | Код за отдаване | Артикулен № | Име на библиотеката - собственик | Име на библиотеката, в която се намира в момента | Статус (Текущо местоположение) | Дата на вписване в системата | Местоположение - отдел | Цена в лева | Инвентарен номер | Систематично азбучна сигнатура | Баркод | Номер на екземпляра | Цена в евро | Служебна бележка | Служебен тип на артикула |
|---|---|---|---|---|---|---|---|---|---|---|---|---|---|---|---|---|---|---|
| Не е изгубен | Не е повреден | без рестрикции | ползва се в читалня | 133022 | Регионална библиотека "Любен Каравелов" Русе | Регионална библиотека "Любен Каравелов" Русе | Хранилище | 2008-11-13 | Хранилище | 0.00 | 120000731475 | Цб 241899 | 120000731475 | 1 | 0.00 | Дост: Dp Вид: Д N: 29 Дата: 02.07.2008 | Книги |